000 01063nam a2200253 i 4500
001 68852
003 ES-MaACL
005 20240129115648.0
007 t|
008 150216s2014 sp ||||1| spa d
020 _a978-84-939988-3-7
080 _a929(460):001"19"(060.64)
245 0 0 _aRedes internacionales de la cultura española, 1914-1939 :
_b[Madrid, Residencia de Estudiantes, del 27 de noviembre del 2014 al 8 de marzo del 2015] /
_cedición de, José García-Velasco.
260 _a[Madrid] :
_bPublicaciones de la Residencia de Estudiantes,
_cD.L. 2014.
300 _a447 p. :
_bprincipalmente il. col. ;
_c23 cm.
650 4 _aIntelectuales-
_zEspaña-
_yS.XX-
_vExposiciones.
_9155731
655 7 _2tgfbne
_9193628
_aCatálogos de exposiciones
700 1 _aGarcía-Velasco, José.
_9156339
710 2 _aResidencia de Estudiantes (Madrid)
_96437
852 _aES-MaACL
_jA-13379
_971422
_bR.150310
_cDEPO1
_dOlim: N-6379
942 _2udc
_cMONOGRAFIA
999 _c68852
_d68852